[Event "Bled op"]
[Site "Bled"]
[Date "2017.03.11"]
[Round "2"]
[White "Solaroli, Riccardo"]
[Black "Sraka, Lan"]
[Result "1-0"]
[WhiteElo "1831"]
[BlackElo "1196"]
[PlyCount "77"]
[EventDate "2017.03.10"]
[EventType "swiss"]
[EventRounds "5"]
[EventCountry "SLO"]
[SourceTitle "EXT 2019"]
[Source "ChessBase"]
[SourceDate "2018.10.10"]
[SourceVersion "1"]
[SourceVersionDate "2018.10.10"]
[SourceQuality "1"]

1. e4 c6 2. d4 d5 3. exd5 cxd5 4. Bd3 Nc6 5. c3 Nf6 6. Bf4 Bg4 7. Qb3 Qb6 8. Qxb6 axb6 9. Nd2 e6 10. Ngf3 Be7 11. 0-0 0-0 12. Ne5 Bd6 13. Nxg4 Bxf4 14. Nxf6+ gxf6 15. Nf3 e5 16. Bb5 e4 17. Nh4 Ne7 18. Bd7 Rad8 19. Bh3 Kh8 20. g3 Bh6 21. Rae1 Rg8 22. f3 Bg5 23. Nf5 Nxf5 24. Bxf5 exf3 25. Rxf3 Rde8 26. Rxe8 Rxe8 27. Kf2 h5 28. Bh3 h4 29. Rf5 hxg3+ 30. hxg3 Be3+ 31. Kf3 Bc1 32. Rxd5 Bxb2 33. c4 Re7 34. Bd7 Kg7 35. Bb5 Kf8 36. Rd8+ Kg7 37. d5 Ba3 38. d6 Re6 39. d7 1-0

[Event "Verona op-B"]
[Site "Verona"]
[Date "2017.01.03"]
[Round "3.5"]
[White "Pisani, Valerio"]
[Black "Solaroli, Riccardo"]
[Result "0-1"]
[WhiteElo "1702"]
[BlackElo "1839"]
[PlyCount "34"]
[EventDate "2017.01.02"]
[EventType "swiss"]
[EventRounds "7"]
[EventCountry "ITA"]
[SourceTitle "EXT 2018"]
[Source "ChessBase"]
[SourceDate "2017.10.13"]
[SourceVersion "1"]
[SourceVersionDate "2017.10.13"]
[SourceQuality "1"]

1. e4 Nf6 2. Nc3 d5 3. exd5 Nxd5 4. Nf3 g6 5. d4 Bg7 6. Bc4 Nxc3 7. bxc3 0-0 8. 0-0 c5 9. Re1 Nc6 10. Bb2 Na5 11. Bf1 cxd4 12. cxd4 Bg4 13. h3 Be6 14. Ba3 Nc6 15. c3 Qa5 16. Bb2 Rac8 17. Ng5 Qxg5 0-1

[Event "Kaupthing op-B 1st"]
[Site "Differdange"]
[Date "2007.07.10"]
[Round "5"]
[White "Solaroli, Riccardo"]
[Black "Berteau, Franck"]
[Result "0-1"]
[WhiteElo "1929"]
[BlackElo "1859"]
[PlyCount "58"]
[EventDate "2007.07.08"]
[EventType "swiss"]
[EventRounds "9"]
[EventCountry "LUX"]
[SourceTitle "EXT 2008"]
[Source "ChessBase"]
[SourceDate "2007.11.25"]
[SourceVersion "1"]
[SourceVersionDate "2007.11.25"]
[SourceQuality "1"]

1. e4 d6 2. Nc3 g6 3. d4 Bg7 4. h3 c6 5. Nf3 Nf6 6. a4 0-0 7. Be3 Nbd7 8. Bc4 b6 9. Qd2 e5 10. 0-0 Re8 11. Rad1 Bb7 12. d5 cxd5 13. exd5 Rc8 14. Qe2 Nc5 15. Bg5 Qc7 16. b4 Nxa4 17. Nb5 Qb8 18. Ra1 Nb2 19. Bb3 a6 20. Na3 Nxd5 21. c3 e4 22. Nd4 Nxc3 23. Qd2 Bxd4 24. Bxf7+ Kxf7 25. Qf4+ Kg8 26. Qh4 Rf8 27. Kh1 d5 28. f3 Ne2 29. fxe4 Ng3+ 0-1

[Event "Kaupthing op-B 1st"]
[Site "Differdange"]
[Date "2007.07.08"]
[Round "2"]
[White "Fadil, Hicham"]
[Black "Solaroli, Riccardo"]
[Result "1/2-1/2"]
[WhiteElo "1769"]
[BlackElo "1929"]
[PlyCount "85"]
[EventDate "2007.07.08"]
[EventType "swiss"]
[EventRounds "9"]
[EventCountry "LUX"]
[SourceTitle "EXT 2008"]
[Source "ChessBase"]
[SourceDate "2007.11.25"]
[SourceVersion "1"]
[SourceVersionDate "2007.11.25"]
[SourceQuality "1"]

1. e4 d5 2. d4 dxe4 3. Nc3 Nf6 4. f3 exf3 5. Nxf3 Bg4 6. h3 Bxf3 7. Qxf3 c6 8. Be3 e6 9. Bd3 Nbd7 10. 0-0 Be7 11. Qg3 Rg8 12. Ne4 Nxe4 13. Bxe4 f5 14. Bd3 Nb6 15. Rae1 Qd6 16. Qxd6 Bxd6 17. c4 Bg3 18. Re2 0-0-0 19. Rf3 Bc7 20. Bf4 Rxd4 21. Bxc7 Kxc7 22. Rxe6 g6 23. b3 Rgd8 24. Bf1 Rd2 25. a4 R8d7 26. h4 R2d6 27. Re5 Nc8 28. h5 Re7 29. Rfe3 Rdd7 30. hxg6 hxg6 31. Be2 Kd6 32. Rxe7 Rxe7 33. Rd3+ Kc7 34. Bd1 Rd7 35. Rxd7+ Kxd7 36. g4 f4 37. g5 Kd6 38. Kf2 a5 39. Kf3 Ke5 40. Bc2 Ne7 41. Bb1 Nf5 42. Kg4 Ne7 43. Kf3 1/2-1/2

[Event "Gibraltar Masters"]
[Site "Gibraltar"]
[Date "2007.01.30"]
[Round "7"]
[White "Solaroli, Riccardo"]
[Black "Van Kemenade, Rudy"]
[Result "0-1"]
[WhiteElo "1960"]
[BlackElo "2048"]
[PlyCount "54"]
[EventDate "2007.01.23"]
[EventType "swiss"]
[EventRounds "9"]
[EventCountry "ENG"]
[SourceTitle "CBM 116 Extra"]
[Source "ChessBase"]
[SourceDate "2007.03.07"]
[SourceVersion "1"]
[SourceVersionDate "2007.03.07"]
[SourceQuality "1"]

1. e4 d6 2. d4 Nf6 3. Bd3 g6 4. Nf3 Bg7 5. 0-0 0-0 6. c3 Nc6 7. Re1 e5 8. Bg5 h6 9. Bh4 g5 10. Bg3 Nh5 11. d5 Ne7 12. Nfd2 Nf4 13. Bxf4 exf4 14. Qc2 Ng6 15. Nf3 g4 16. Nd4 Ne5 17. Nd2 Qg5 18. Nf1 a6 19. Qd2 h5 20. Rac1 Bh6 21. Kh1 Qg7 22. f3 Kh8 23. b3 Rg8 24. Nf5 Bxf5 25. exf5 gxf3 26. Bb1 fxg2+ 27. Qxg2 Qxg2# 0-1

[Event "Gibraltar Masters"]
[Site "Gibraltar"]
[Date "2007.01.27"]
[Round "5"]
[White "Solaroli, Riccardo"]
[Black "Gonzalez Amaya, Milan"]
[Result "1-0"]
[WhiteElo "1960"]
[BlackElo "1891"]
[PlyCount "45"]
[EventDate "2007.01.23"]
[EventType "swiss"]
[EventRounds "9"]
[EventCountry "ENG"]
[SourceTitle "CBM 116 Extra"]
[Source "ChessBase"]
[SourceDate "2007.03.07"]
[SourceVersion "1"]
[SourceVersionDate "2007.03.07"]
[SourceQuality "1"]

1. e4 d6 2. d4 Nd7 3. Nf3 e5 4. Bc4 h6 5. dxe5 dxe5 6. Bxf7+ Kxf7 7. Nxe5+ Kf6 8. Qd4 Qe8 9. Nxd7+ Kg6 10. Nxf8+ Qxf8 11. Be3 b6 12. Nc3 Bb7 13. 0-0-0 Ne7 14. Qd7 Qf7 15. Qxc7 Bc8 16. Nd5 Re8 17. Nxe7+ Rxe7 18. Qc6+ Kh7 19. Qxa8 Bb7 20. Qxa7 Bxe4 21. Qa4 b5 22. Qb3 Qg6 23. f3 1-0

[Event "Gibraltar Masters"]
[Site "Gibraltar"]
[Date "2007.01.26"]
[Round "4"]
[White "Heinis, Vincent"]
[Black "Solaroli, Riccardo"]
[Result "1-0"]
[WhiteElo "2156"]
[BlackElo "1960"]
[PlyCount "49"]
[EventDate "2007.01.23"]
[EventType "swiss"]
[EventRounds "9"]
[EventCountry "ENG"]
[SourceTitle "CBM 116 Extra"]
[Source "ChessBase"]
[SourceDate "2007.03.07"]
[SourceVersion "1"]
[SourceVersionDate "2007.03.07"]
[SourceQuality "1"]

1. d4 Nf6 2. c4 g6 3. Nc3 d5 4. cxd5 Nxd5 5. e4 Nxc3 6. bxc3 Bg7 7. Bc4 c5 8. Ne2 0-0 9. 0-0 Nc6 10. Be3 cxd4 11. cxd4 Na5 12. Bd3 e6 13. Qd2 b6 14. Bh6 Qe7 15. Bxg7 Kxg7 16. f4 f5 17. Ng3 Bb7 18. Rad1 Rfd8 19. exf5 Rxd4 20. fxe6 Qxe6 21. Qb2 Qe3+ 22. Kh1 Kh6 23. Bxg6 Rxf4 24. Nf5+ Rxf5 25. Bxf5 1-0

[Event "Gibraltar Masters"]
[Site "Gibraltar"]
[Date "2007.01.24"]
[Round "2"]
[White "Osuna Vega, Enrique"]
[Black "Solaroli, Riccardo"]
[Result "1-0"]
[WhiteElo "2177"]
[BlackElo "1960"]
[PlyCount "115"]
[EventDate "2007.01.23"]
[EventType "swiss"]
[EventRounds "9"]
[EventCountry "ENG"]
[SourceTitle "CBM 116 Extra"]
[Source "ChessBase"]
[SourceDate "2007.03.07"]
[SourceVersion "1"]
[SourceVersionDate "2007.03.07"]
[SourceQuality "1"]

1. Nf3 Nf6 2. c4 g6 3. Nc3 d5 4. cxd5 Nxd5 5. Qa4+ Bd7 6. Qb3 Nb6 7. g3 Bg7 8. Bg2 Nc6 9. d3 0-0 10. 0-0 e5 11. Bg5 Qc8 12. Ne4 Be6 13. Qd1 h6 14. Bf6 Bxf6 15. Nxf6+ Kg7 16. Ne4 Bh3 17. Bxh3 Qxh3 18. Nc5 Nd7 19. Rc1 Nxc5 20. Rxc5 Rfe8 21. Qc2 Qe6 22. a3 e4 23. dxe4 Qxe4 24. Qc3+ Kg8 25. Re1 Rad8 26. b4 a6 27. Rc4 Qe7 28. Nd2 Rd7 29. Re4 Qd8 30. Qe3 Rxe4 31. Nxe4 Rd1 32. Rxd1 Qxd1+ 33. Kg2 Qd5 34. f3 Kg7 35. Qc3+ Qd4 36. Qxd4+ Nxd4 37. Nc5 Nxe2 38. Nxb7 Nd4 39. Nc5 a5 40. bxa5 Nb5 41. a4 Na7 42. Kf2 Kf6 43. f4 Ke7 44. Ke3 Kd6 45. Kd4 Nc6+ 46. Kc4 Na7 47. Nb7+ Kd7 48. Kd5 h5 49. Nc5+ Ke7 50. Na6 c6+ 51. Kc5 Kd7 52. Nb4 Kc7 53. Nd3 f6 54. Nb4 Kd7 55. Nc2 Kc7 56. Nd4 Kd7 57. h4 f5 58. Nf3 1-0

[Event "Gibraltar Masters"]
[Site "Gibraltar"]
[Date "2007.01.23"]
[Round "1"]
[White "Solaroli, Riccardo"]
[Black "Soraas, Torben"]
[Result "0-1"]
[WhiteElo "1960"]
[BlackElo "2155"]
[PlyCount "60"]
[EventDate "2007.01.23"]
[EventType "swiss"]
[EventRounds "9"]
[EventCountry "ENG"]
[SourceTitle "CBM 116 Extra"]
[Source "ChessBase"]
[SourceDate "2007.03.07"]
[SourceVersion "1"]
[SourceVersionDate "2007.03.07"]
[SourceQuality "1"]

1. e4 c6 2. d4 d5 3. Nc3 dxe4 4. Nxe4 Nf6 5. Ng3 e6 6. Nf3 Bd6 7. Bd3 0-0 8. Ne4 Nxe4 9. Bxe4 Nd7 10. c3 Qc7 11. Bg5 Re8 12. 0-0 b6 13. Re1 Bb7 14. Bc2 Nf8 15. Bh4 Ng6 16. Bg3 Rad8 17. Bxd6 Rxd6 18. Ne5 c5 19. Nxg6 hxg6 20. Be4 cxd4 21. Qa4 Ra8 22. cxd4 Bxe4 23. Rxe4 Rc8 24. Rae1 Qb7 25. h3 Rcd8 26. Qd1 Qd7 27. Qf3 Rxd4 28. Rxd4 Qxd4 29. Rc1 Qxb2 30. Rc7 Qa1+ 0-1

[Event "Davos op 5th"]
[Site "Davos"]
[Date "2006.08.12"]
[Round "7"]
[White "Schott, Wolfgang"]
[Black "Solaroli, Riccardo"]
[Result "1/2-1/2"]
[WhiteElo "1886"]
[BlackElo "1976"]
[PlyCount "21"]
[EventDate "2006.08.06"]
[EventType "swiss"]
[EventRounds "7"]
[EventCountry "SUI"]
[SourceTitle "EXT 2008"]
[Source "ChessBase"]
[SourceDate "2007.11.25"]
[SourceVersion "1"]
[SourceVersionDate "2007.11.25"]
[SourceQuality "1"]

1. d4 Nf6 2. c4 g6 3. g3 Bg7 4. Bg2 0-0 5. Nc3 d6 6. Nf3 Nbd7 7. 0-0 e5 8. e4 exd4 9. Qxd4 Re8 10. Re1 Nc5 11. h3 1/2-1/2

[Event "Cattolica op"]
[Site "Cattolica"]
[Date "2005.06.16"]
[Round "6"]
[White "Solaroli, Riccardo"]
[Black "Leali, Claudio"]
[Result "1-0"]
[WhiteElo "1963"]
[BlackElo "1702"]
[PlyCount "71"]
[EventDate "2005.06.11"]
[EventType "swiss"]
[EventRounds "9"]
[EventCountry "ITA"]
[SourceTitle "EXT 2007"]
[Source "ChessBase"]
[SourceDate "2006.11.23"]
[SourceVersion "1"]
[SourceVersionDate "2006.11.23"]
[SourceQuality "1"]

1. e4 e5 2. f4 d5 3. exd5 e4 4. d3 Qxd5 5. Nc3 Bb4 6. Bd2 Bxc3 7. Bxc3 f6 8. Qe2 Bf5 9. g4 Bd7 10. Bg2 Nc6 11. Bxe4 Qe6 12. f5 Qe7 13. 0-0-0 0-0-0 14. Re1 Nh6 15. Bxc6 Qxe2 16. Bxd7+ Rxd7 17. Rxe2 Nxg4 18. Nf3 Rhd8 19. Rhe1 Nh6 20. Nh4 Rd5 21. Re7 Rg8 22. Rg1 Rd7 23. Rxd7 Kxd7 24. Kd2 Ke7 25. Re1+ Kf7 26. Bb4 Re8 27. Rxe8 Kxe8 28. h3 Kf7 29. Bc5 a6 30. Be3 Ng8 31. Bf4 c6 32. Ke3 g6 33. fxg6+ hxg6 34. Bd6 Nh6 35. Ke4 Ke6 36. Bf8 1-0

[Event "Cattolica op"]
[Site "Cattolica"]
[Date "2005.06.12"]
[Round "2"]
[White "Solaroli, Riccardo"]
[Black "Pivotto, Carlo"]
[Result "1-0"]
[WhiteElo "1963"]
[BlackElo "1802"]
[PlyCount "65"]
[EventDate "2005.06.11"]
[EventType "swiss"]
[EventRounds "9"]
[EventCountry "ITA"]
[SourceTitle "EXT 2007"]
[Source "ChessBase"]
[SourceDate "2006.11.23"]
[SourceVersion "1"]
[SourceVersionDate "2006.11.23"]
[SourceQuality "1"]

1. e4 d6 2. d4 Nf6 3. Bd3 e5 4. c3 c6 5. h3 Qc7 6. Nf3 Nbd7 7. a4 h6 8. Be3 Be7 9. Nbd2 Nf8 10. b4 g5 11. g4 Ng6 12. Bc4 Rg8 13. Qb3 Rg7 14. b5 d5 15. exd5 cxd5 16. Bxd5 Nxd5 17. Qxd5 Be6 18. Qe4 Qxc3 19. 0-0 Nf4 20. Bxf4 gxf4 21. Rfc1 Qa5 22. Qxe5 Rg8 23. d5 Bxg4 24. hxg4 Rxg4+ 25. Kh1 Kf8 26. Rc7 Bd8 27. Qh8+ Rg8 28. Qxh6+ Rg7 29. Rcc1 Bg5 30. Nxg5 Qxd2 31. Nh7+ Kg8 32. Nf6+ Kf8 33. Re1 1-0

[Event "Cattolica op"]
[Site "Cattolica"]
[Date "2005.06.11"]
[Round "1"]
[White "Ronchetti, Niccolo"]
[Black "Solaroli, Riccardo"]
[Result "1-0"]
[WhiteElo "2364"]
[BlackElo "1963"]
[PlyCount "61"]
[EventDate "2005.06.11"]
[EventType "swiss"]
[EventRounds "9"]
[EventCountry "ITA"]
[SourceTitle "EXT 2007"]
[Source "ChessBase"]
[SourceDate "2006.11.23"]
[SourceVersion "1"]
[SourceVersionDate "2006.11.23"]
[SourceQuality "1"]

1. e4 d5 2. exd5 Nf6 3. c4 e6 4. d4 exd5 5. Nc3 Bb4 6. a3 Bxc3+ 7. bxc3 0-0 8. Bd3 Re8+ 9. Ne2 Nc6 10. 0-0 dxc4 11. Bxc4 Be6 12. Bd3 Bg4 13. Qc2 Ne7 14. h3 Bd7 15. c4 Ng6 16. Bb2 c6 17. a4 Qc7 18. f4 Nh5 19. f5 Ngf4 20. Nxf4 Nxf4 21. f6 Nxd3 22. Qxd3 g6 23. Bc1 Qa5 24. c5 Re1 25. Bf4 Rxa1 26. Rxa1 Re8 27. Be5 Bf5 28. Qe3 Rxe5 29. Qh6 Re1+ 30. Rxe1 Qxe1+ 31. Kh2 1-0

[Event "Canarias en Red prel 5th"]
[Site "Playchess.com INT"]
[Date "2004.05.07"]
[Round "8"]
[White "Solaroli, Riccardo"]
[Black "Simon, Holger"]
[Result "0-1"]
[WhiteElo "2006"]
[BlackElo "2113"]
[PlyCount "100"]
[EventDate "2004.05.07"]
[EventType "swiss (blitz)"]
[EventRounds "13"]
[EventCountry "GER"]
[SourceTitle "EXT 2005"]
[Source "ChessBase"]
[SourceDate "2004.11.15"]
[SourceVersion "1"]
[SourceVersionDate "2004.11.15"]
[SourceQuality "1"]

1. e4 e6 2. d4 d5 3. exd5 exd5 4. Bd3 Bd6 5. c3 Ne7 6. Qf3 Nbc6 7. Ne2 Be6 8. Bf4 f6 9. 0-0 h5 10. Bxd6 Qxd6 11. Nd2 g5 12. Ng3 h4 13. Nf5 Nxf5 14. Bxf5 0-0-0 15. Bxe6+ Qxe6 16. Rfe1 Qd6 17. Re2 Kb8 18. Rae1 Qd7 19. Qxf6 g4 20. Qe6 Qg7 21. b4 a6 22. a4 g3 23. h3 gxf2+ 24. Rxf2 Rdg8 25. b5 Nd8 26. Qxd5 axb5 27. axb5 Qg3 28. b6 cxb6 29. Qe5+ Qxe5 30. Rxe5 Nc6 31. Ref5 Rg3 32. Rf8+ Rxf8 33. Rxf8+ Kc7 34. Rf7+ Kd6 35. Rf3 Rxf3 36. Nxf3 Kd5 37. Nxh4 Kc4 38. Nf5 Kxc3 39. d5 Ne5 40. d6 b5 41. Kf2 b4 42. Ne3 b3 43. g4 Kd3 44. g5 b2 45. d7 Nxd7 46. g6 b1Q 47. g7 Qb2+ 48. Kf3 Qxg7 49. h4 Qf7+ 50. Kg2 Kxe3 0-1